Giáo trình sinh lí học trẻ em Dùng cho sinh viên các trường Sư Phạm mầm non
Đã lưu trong:
| 主要作者: | |
|---|---|
| 格式: | 圖書 |
| 出版: |
Hà Nội
Đại học sư phạm
2008
|
| 版: | In lần thứ 6 |
| 主題: | |
| 標簽: |
添加標簽
沒有標簽, 成為第一個標記此記錄!
|
| Thư viện lưu trữ: | Trung tâm Học liệu Lê Vũ Hùng, Trường Đại học Đồng Tháp |
|---|
| LEADER | 00753pam a22002298a 4500 | ||
|---|---|---|---|
| 001 | 00044539 | ||
| 005 | 20190812090831.0 | ||
| 008 | 140410s2013 ||||||Viesd | ||
| 020 | # | # | |c 23000 |
| 041 | 0 | # | |a Vie |
| 082 | 1 | 4 | |a 612 |b GI108TR |
| 100 | 1 | # | |a Lê, Thanh Vân |
| 245 | 0 | 0 | |a Giáo trình sinh lí học trẻ em |b Dùng cho sinh viên các trường Sư Phạm mầm non |c Lê Thanh Vân |
| 250 | # | # | |a In lần thứ 6 |
| 260 | # | # | |a Hà Nội |b Đại học sư phạm |c 2008 |
| 300 | # | # | |c 21 cm. |a 233 tr. |
| 653 | # | # | |a Con người |
| 653 | # | # | |a Sinh lí học |
| 653 | # | # | |a Trẻ em |
| 852 | # | # | |j KGT.0058497 |
| 910 | 0 | # | |d 12/08/2019 |
| 980 | # | # | |a Trung tâm Học liệu Lê Vũ Hùng, Trường Đại học Đồng Tháp |